| 000 | 01005cam a2200301 i 4500 | ||
|---|---|---|---|
| 001 | 2067206 | ||
| 003 | EG-ScBUE | ||
| 005 | 20250128101954.0 | ||
| 008 | 940131t1994 nyua f b 001 0 eng d | ||
| 020 | _a0780310225 | ||
| 020 | _a9780780310223 | ||
| 040 |
_aEG-ScBUE _beng _erda _cEG-ScBUE _dEG-ScBUE |
||
| 082 | 0 | 4 |
_a530.1 _222 _bDUD |
| 100 | 1 |
_aDudley, Donald G., _eauthor. _933152 |
|
| 245 | 1 | 0 |
_aMathematical foundations for electromagnetic theory / _cDonald G. Dudley, University of Arizona, Tuicson. |
| 264 | 1 |
_aNew York : _bIEEE Press, _c[1994] |
|
| 264 | 4 | _cc1994 | |
| 300 |
_axiii, 250 pages : _billustrations ; _c24 cm. |
||
| 336 |
_2rdacontent _atext _btxt |
||
| 337 |
_aunmediated _2rdamedia _bn |
||
| 338 |
_avolume _bnc _2rdacarrier |
||
| 490 | 0 | _aIEEE series on electromagnetic wave theory | |
| 504 | _aIncludes bibliographical references and index. | ||
| 650 | 7 |
_aElectromagnetic theory _xMathematics. _2BUEsh _932427 |
|
| 653 | _cMay2013 | ||
| 655 | _vReading book | ||
| 942 |
_2ddc _cBB |
||
| 999 |
_c17449 _d17421 |
||